[Event "I Cerrado Ciudad de Silla"]
[Site "Casal Jove de Silla"]
[Date "????.??.??"]
[Round "4"]
[White "Zaragozá Montesinos, Ignasi"]
[Black "Folch Zaragozá, Jose"]
[Result "1-0"]
[WhiteElo "2029"]
[BlackElo "1968"]
[PlyCount "97"]

1. d4 d5 2. Nf3 Nf6 3. c4 e6 4. Nc3 Be7 5. Bg5 Nc6 6. e3 O-O 7. a3 a6 8. Qc2 h6
9. Bh4 dxc4 10. Bxc4 b5 11. Bd3 Bb7 12. O-O Nd7 13. Bxe7 Qxe7 14. Rfd1 Nf6 15.
Ne4 Nxe4 16. Bxe4 Na5 17. Bxb7 Nxb7 18. Rac1 Rac8 19. Qc6 Nd6 20. Qxa6 f6 21.
Qc6 Rfd8 22. Rc5 Qd7 23. Qxd7 Rxd7 24. Nd2 c6 25. Rdc1 Rdc7 26. e4 Nb7 27. R5c3
Kf7 28. Nb3 Ke7 29. f3 Kd6 30. Kf2 c5 31. dxc5+ Nxc5 32. Nxc5 Rxc5 33. Rxc5
Rxc5 34. Rxc5 Kxc5 35. Ke2 Kc4 36. Kd2 g6 37. Kc2 f5 38. b3+ Kd4 39. exf5 gxf5
40. a4 b4 41. f4 h5 42. a5 Kc5 43. Kd3 Kb5 44. a6 Kxa6 45. Kc4 Kb6 46. Kxb4 h4
47. Kc4 Kc6 48. Kd4 Kd6 49. b4 1-0

[Event "I Cerrado Ciudad de Silla"]
[Site "Casal Jove de Silla"]
[Date "????.??.??"]
[Round "5"]
[White "Folch Zaragozá, Jose"]
[Black "Galvan Huaraca, Jesus"]
[Result "0-1"]
[WhiteElo "1968"]
[BlackElo "2275"]
[PlyCount "80"]

1. e4 c5 2. Nc3 Nc6 3. f4 e6 4. Nf3 a6 5. d3 d5 6. exd5 exd5 7. g3 Nf6 8. Bg2
Be7 9. O-O O-O 10. Bd2 Re8 11. Ne5 Qd6 12. a3 Bf8 13. Kh1 Rb8 14. Nxc6 Qxc6 15.
f5 h6 16. Nxd5 Nxd5 17. c4 b5 18. Bxd5 Qd7 19. Qf3 Bb7 20. Bxb7 Rxb7 21. Rae1
Rxe1 22. Rxe1 bxc4 23. f6 g6 24. Bxh6 cxd3 25. Bxf8 d2 26. Rd1 Kxf8 27. Qe3
Qd5+ 28. Kg1 Rxb2 29. Kf2 c4 30. Qh6+ Ke8 31. Qe3+ Kd8 32. Qc3 Ra2 33. Ke3 Qc5+
34. Qd4+ Qxd4+ 35. Kxd4 Rc2 36. h4 c3 37. Kd3 Rc1 38. Ke2 Kd7 39. g4 Ke6 40. g5
Kf5 0-1

[Event "I Cerrado Ciudad de Silla"]
[Site "Casal Jove de Silla"]
[Date "????.??.??"]
[Round "4"]
[White "Martinez Tormo, Jorge"]
[Black "Calvo Alfonso, Vicente"]
[Result "1/2-1/2"]
[WhiteElo "2195"]
[BlackElo "2165"]
[PlyCount "35"]

1. e4 e6 2. d4 d5 3. e5 c5 4. c3 Qb6 5. Nf3 Nc6 6. a3 c4 7. Nbd2 Na5 8. Be2 Bd7
9. O-O h6 10. Qe1 Ba4 11. Bd1 Bxd1 12. Qxd1 Ne7 13. Rb1 Nec6 14. b3 Nxb3 15.
Nxb3 cxb3 16. Rxb3 Qa6 17. Rb1 Be7 18. Nd2 1/2-1/2

[Event "I Cerrado Ciudad de Silla"]
[Site "Casal Jove de Silla"]
[Date "????.??.??"]
[Round "7"]
[White "Rosello Huet, Miguel Angel"]
[Black "Garcia Domingo, Jose Antonio"]
[Result "1/2-1/2"]
[WhiteElo "2011"]
[BlackElo "1988"]
[PlyCount "110"]

1. Nf3 f5 2. c4 Nf6 3. Nc3 e6 4. g3 c6 5. Bg2 d5 6. O-O Bd6 7. d4 O-O 8. Bg5
Nbd7 9. cxd5 exd5 10. Qc2 h6 11. Bxf6 Nxf6 12. Nh4 Ne4 13. f4 Bd7 14. Nf3 Be8
15. Ne5 Bh5 16. Bf3 Qe8 17. Kg2 g5 18. Bxh5 Qxh5 19. e3 Rae8 20. Qd1 Nf6 21.
Qxh5 Nxh5 22. Rf2 Ng7 23. a3 g4 24. Rh1 Bxe5 25. fxe5 Kf7 26. Rhf1 Ke7 27. Ne2
b6 28. Nf4 Kd7 29. Ng6 Rg8 30. Nh4 c5 31. Nxf5 Nxf5 32. Rxf5 c4 33. Rf7+ Re7
34. R1f6 Rxf7 35. Rxf7+ Ke6 36. Rf6+ Ke7 37. Rxh6 c3 38. bxc3 Rc8 39. Rh7+ Ke6
40. Rxa7 Rxc3 41. h4 Rxe3 42. Ra6 Kf5 43. Rxb6 Ke4 44. Rg6 Kxd4 45. Rxg4+ Kxe5
46. a4 d4 47. Kf2 Ra3 48. h5 Rxa4 49. h6 Ra2+ 50. Kf3 Ra3+ 51. Ke2 Ra2+ 52. Kd3
Rh2 53. Rg6 Kf5 54. Rb6 Rh3 55. Kxd4 Rxg3 1/2-1/2

[Event "I Cerrado Ciudad de Silla"]
[Site "Casal Jove de Silla"]
[Date "????.??.??"]
[Round "3"]
[White "Dolezal, Cristian"]
[Black "Zaragozá Montesinos, Ignasi"]
[Result "1-0"]
[WhiteElo "2424"]
[BlackElo "2011"]
[PlyCount "53"]

1. e4 e5 2. Nc3 Nf6 3. f4 d5 4. fxe5 Nxe4 5. Nf3 Be7 6. Qe2 Nxc3 7. dxc3 O-O 8.
Bf4 Na6 9. O-O-O c6 10. h4 Nc5 11. Qe3 Bg4 12. Be2 Ne6 13. g3 Qa5 14. Kb1 Bxf3
15. Qxf3 Qa4 16. Bd3 Nc5 17. Bf5 g6 18. Rd4 Qb5 19. Bh6 Rfd8 20. Rf1 Bf8 21.
Bg5 gxf5 22. Qxf5 Rd7 23. c4 Qb6 24. Rg4 h5 25. Be7+ hxg4 26. Qxf7+ Kh8 27. Rf5
1-0

[Event "I Cerrado Ciudad de Silla"]
[Site "Casal Jove de Silla"]
[Date "????.??.??"]
[Round "5"]
[White "Calvo Alfonso, Vicente"]
[Black "Penadés Ordaz, Víctor"]
[Result "1-0"]
[WhiteElo "2164"]
[BlackElo "2193"]
[PlyCount "71"]

1. e4 c5 2. Nf3 Nc6 3. Bb5 g6 4. Bxc6 dxc6 5. O-O c4 6. a4 Bd7 7. Qe2 b5 8. Rd1
Bg7 9. d3 cxd3 10. Rxd3 Qc7 11. axb5 cxb5 12. Nc3 e6 13. Bg5 f6 14. Rad1 Bc6
15. Rd6 Ne7 16. Nxb5 Qb7 17. Nbd4 fxg5 18. Nxe6 Bxb2 19. Rd8+ Kf7 20. Nexg5+
Kg7 21. Ne6+ Kf6 22. R1d6 Nc8 23. Nc5+ Nxd6 24. Rxd6+ Ke7 25. Re6+ Kf8 26. Nxb7
Bxb7 27. Qb5 Rd8 28. h4 Rd1+ 29. Kh2 Rb1 30. g3 Bc8 31. Re8+ Kg7 32. Rxc8 Rxc8
33. Qd7+ Kh6 34. Qxc8 a5 35. Qb7 a4 36. Ng5 1-0

[Event "I Cerrado Ciudad de Silla"]
[Site "Casal Jove de Silla"]
[Date "????.??.??"]
[Round "7"]
[White "Dolezal, Cristian"]
[Black "Martinez Tormo, Jorge"]
[Result "1-0"]
[WhiteElo "2424"]
[BlackElo "2195"]
[PlyCount "91"]

1. e4 e5 2. Nc3 Nc6 3. Nf3 Nf6 4. g3 d5 5. exd5 Nxd5 6. Bg2 Nxc3 7. bxc3 Bc5 8.
O-O O-O 9. Re1 Qf6 10. d3 Bg4 11. h3 Bh5 12. Be3 Bb6 13. g4 Bg6 14. Nd2 Rfe8
15. Ne4 Bxe4 16. Bxe4 Rad8 17. a4 Bxe3 18. fxe3 Rd6 19. Rf1 Qe6 20. Qf3 b6 21.
c4 Ne7 22. a5 f6 23. axb6 axb6 24. Ra7 Qd7 25. Rb1 Nc6 26. Ra2 g6 27. c3 Ne7
28. Rb5 f5 29. Bd5+ Kg7 30. Ra7 Nxd5 31. Rxd5 e4 32. Qf4 Ree6 33. d4 fxg4 34.
hxg4 Rf6 35. Rxd6 Rxd6 36. g5 Qe7 37. Qe5+ Qxe5 38. Rxc7+ Kf8 39. dxe5 Rd3 40.
Kf2 Rxc3 41. e6 b5 42. Rf7+ Ke8 43. cxb5 Rc5 44. b6 Rxg5 45. b7 Rb5 46. Rxh7
1-0

[Event "I Cerrado Ciudad de Silla"]
[Site "Casal Jove de Silla"]
[Date "????.??.??"]
[Round "7"]
[White "Folch Zaragozá, Jose"]
[Black "Cucarella Montell, Angels"]
[Result "0-1"]
[WhiteElo "1968"]
[BlackElo "1953"]
[PlyCount "86"]

1. e4 c5 2. Nc3 e6 3. f4 Nc6 4. Nf3 a6 5. d4 cxd4 6. Nxd4 Qc7 7. g3 b5 8. Be3
Bb7 9. Bg2 Rc8 10. O-O h5 11. f5 Nf6 12. fxe6 dxe6 13. Nf3 Ng4 14. Qe2 Nxe3 15.
Qxe3 Ne5 16. Kh1 Ng4 17. Qg5 Be7 18. Qd2 h4 19. Bh3 Ne5 20. Qf4 Nxf3 21. Qxf3
Bb4 22. g4 O-O 23. Ne2 Qxc2 24. Nd4 Qxb2 25. Nb3 Rc2 26. Bg2 Qe5 27. Qf4 Qxf4
28. Rxf4 Bd6 29. Rff1 h3 30. Bf3 Rxh2+ 31. Kg1 Rc8 32. e5 Bxf3 33. Kxh2 Bxe5+
34. Kxh3 Rc2 35. Rh1 Bxh1 36. Rxh1 Rxa2 37. Nc5 b4 38. g5 Ra3+ 39. Kg4 b3 40.
g6 f5+ 41. Kg5 Bf6+ 42. Kh5 e5 43. Nxa6 b2 0-1

[Event "I Cerrado Ciudad de Silla"]
[Site "Casal Jove de Silla"]
[Date "????.??.??"]
[Round "8"]
[White "Galvan Huaraca, Jesus"]
[Black "Penadés Ordaz, Víctor"]
[Result "1/2-1/2"]
[WhiteElo "2275"]
[BlackElo "2193"]
[PlyCount "101"]

1. d4 d5 2. c4 e6 3. Nc3 c6 4. Nf3 Nf6 5. Bg5 Nbd7 6. e3 Qa5 7. Nd2 dxc4 8.
Bxf6 Nxf6 9. Nxc4 Qf5 10. Ne5 Ne4 11. Qc2 Nxc3 12. Qxc3 Rb8 13. Bd3 Qg5 14. Qa5
Bd6 15. O-O f6 16. f4 Qh5 17. g4 Qh4 18. Nc4 Qxg4+ 19. Kh1 Kd7 20. Qxa7 Bc7 21.
Be4 Qe2 22. Rac1 Kd8 23. Bf3 Qd3 24. Rfd1 Qf5 25. a4 g5 26. Rg1 h5 27. Qc5 Qxc5
28. dxc5 g4 29. Be4 Ke7 30. a5 Bd7 31. b4 Rbd8 32. Rgd1 Bc8 33. Kg1 h4 34. a6
bxa6 35. Bxc6 Rxd1+ 36. Rxd1 Rd8 37. Rxd8 Kxd8 38. Nb6 e5 39. Nxc8 Kxc8 40. f5
Bd8 41. Kf2 Be7 42. Ke2 a5 43. bxa5 Bxc5 44. Be8 Kb7 45. Bh5 g3 46. hxg3 hxg3
47. Bf7 Ka6 48. Kf3 Kxa5 49. Kxg3 Bxe3 50. Kf3 Bg5 51. Ke4 1/2-1/2

[Event "I Cerrado Ciudad de Silla"]
[Site "Casal Jove de Silla"]
[Date "????.??.??"]
[Round "1"]
[White "Galvan Huaraca, Jesus"]
[Black "Martinez Tormo, Jorge"]
[Result "1-0"]
[WhiteElo "2275"]
[BlackElo "2195"]
[PlyCount "45"]

1. d4 d5 2. c4 e6 3. Nc3 Nf6 4. Bg5 Nbd7 5. e3 Be7 6. Nf3 O-O 7. Qc2 c6 8.
O-O-O dxc4 9. Bxc4 Nd5 10. Ne4 f5 11. Bxe7 Qxe7 12. Nc3 b5 13. Nxd5 exd5 14.
Bd3 Nb6 15. Ne5 Bd7 16. g4 g6 17. h4 Nc4 18. Nxd7 Qxd7 19. h5 Nd6 20. hxg6 hxg6
21. Rdg1 Kg7 22. gxf5 Nxf5 23. Rh5 1-0

[Event "I Cerrado Ciudad de Silla"]
[Site "Casal Jove de Silla"]
[Date "????.??.??"]
[Round "6"]
[White "Garcia Domingo, Jose Antonio"]
[Black "Folch Zaragozá, Jose"]
[Result "1-0"]
[WhiteElo "1988"]
[BlackElo "1968"]
[PlyCount "97"]

1. e4 e5 2. d4 exd4 3. Bc4 Nc6 4. Nf3 g6 5. c3 Bg7 6. cxd4 Nge7 7. O-O d6 8.
Ng5 O-O 9. Be3 h6 10. Nf3 d5 11. exd5 Nxd5 12. Nc3 Nb6 13. Be2 Ne7 14. Ne5 Nf5
15. Bf3 Nxe3 16. fxe3 Bxe5 17. dxe5 Nc4 18. Qd4 Nd2 19. Qxd8 Rxd8 20. Rfd1
Nxf3+ 21. gxf3 Be6 22. Kf2 a6 23. Rd4 Kf8 24. Rad1 Ke7 25. b3 Rxd4 26. exd4 Rd8
27. Ke3 Bd5 28. h4 c6 29. Rd2 Ke6 30. Na4 Kf5 31. Nc5 Rb8 32. Rc2 a5 33. Nd7
Ra8 34. Nb6 Rd8 35. Rc5 a4 36. Nxa4 Ra8 37. Rc2 f6 38. Nb6 Rf8 39. Nd7 Rf7 40.
Nxf6 g5 41. hxg5 Kxg5 42. Nxd5 cxd5 43. Rc5 Rd7 44. Rc8 h5 45. Rg8+ Kh4 46. f4
Kh3 47. f5 Rc7 48. Kd2 h4 49. f6 1-0

[Event "I Cerrado Ciudad de Silla"]
[Site "Casal Jove de Silla"]
[Date "????.??.??"]
[Round "8"]
[White "Dolezal, Cristian"]
[Black "Folch Zaragozá, Jose"]
[Result "1-0"]
[WhiteElo "2424"]
[BlackElo "1968"]
[PlyCount "33"]

1. e4 e5 2. Nc3 Nf6 3. f4 d5 4. fxe5 Nxe4 5. Nf3 Be7 6. Qe2 Bh4+ 7. g3 Bxg3+ 8.
hxg3 Nxg3 9. Qg2 Nxh1 10. Qxg7 Rf8 11. d4 Bf5 12. Bh6 Nd7 13. Nxd5 c6 14. Nf6+
Ke7 15. Bg5 Qa5+ 16. c3 Qa4 17. Nd5+ 1-0

[Event "I Cerrado Ciudad de Silla"]
[Site "Casal Jove de Silla"]
[Date "????.??.??"]
[Round "8"]
[White "Martinez Tormo, Jorge"]
[Black "Zaragozá Montesinos, Ignasi"]
[Result "1-0"]
[WhiteElo "2195"]
[BlackElo "2029"]
[PlyCount "79"]

1. e4 d6 2. d4 Nf6 3. Nc3 g6 4. Be3 Bg7 5. f3 c6 6. Qd2 Nbd7 7. Nge2 Qa5 8. Nc1
b5 9. Be2 Ba6 10. O-O b4 11. Nd1 Bxe2 12. Nxe2 O-O 13. a3 Rfb8 14. Nf2 Qb5 15.
a4 Qa5 16. g4 c5 17. g5 Ne8 18. b3 Nc7 19. Rad1 Ne6 20. d5 Ne5 21. Nd3 Nf8 22.
Nxe5 Bxe5 23. f4 Bg7 24. f5 Nd7 25. Nf4 Ne5 26. Nd3 Ng4 27. Bf4 Qb6 28. Kh1
gxf5 29. exf5 Qb7 30. Qg2 Ne5 31. f6 Nxd3 32. Rxd3 Bh8 33. Re1 Re8 34. Rde3 e5
35. dxe6 Qxg2+ 36. Kxg2 Rxe6 37. Rxe6 fxe6 38. Rxe6 d5 39. Rc6 h6 40. g6 1-0

[Event "I Cerrado Ciudad de Silla"]
[Site "Casal Jove de Silla"]
[Date "????.??.??"]
[Round "4"]
[White "Galvan Huaraca, Jesus"]
[Black "Dolezal, Cristian"]
[Result "0-1"]
[WhiteElo "2275"]
[BlackElo "2424"]
[PlyCount "94"]

1. d4 g6 2. e4 Bg7 3. c4 c5 4. d5 d6 5. Nc3 Bxc3+ 6. bxc3 Qa5 7. Nf3 Nd7 8. Qb3
Nb6 9. Qb5+ Qxb5 10. cxb5 Nf6 11. Nd2 Na4 12. Bd3 Bd7 13. f3 O-O 14. Kf2 a6 15.
bxa6 b5 16. c4 Rfb8 17. Bc2 Rxa6 18. Re1 bxc4 19. Nxc4 Rb4 20. Ne3 Ne8 21. Bd2
Rd4 22. Red1 Nb2 23. Bc3 Nxd1+ 24. Nxd1 Ba4 25. Ne3 Nc7 26. Ke1 Bxc2 27. Bxd4
Bxe4 28. fxe4 cxd4 29. Nc2 Ra4 30. Kd2 Na6 31. Rb1 Rxa2 32. Ra1 Rxa1 33. Nxa1
Nc5 34. Nc2 d3 35. Nd4 Kg7 36. Ke3 Kf6 37. Nf3 g5 38. g4 Nd7 39. h3 Ne5 40. Nd4
Ng6 41. Nf3 h6 42. Nd2 Nf4 43. Nf3 Nxh3 44. Nd4 d2 45. Kxd2 Nf2 46. Ke3 Nxg4+
47. Kf3 Ne5+ 0-1

[Event "I Cerrado Ciudad de Silla"]
[Site "Casal Jove de Silla"]
[Date "????.??.??"]
[Round "9"]
[White "Zaragozá Montesinos, Ignasi"]
[Black "Galvan Huaraca, Jesus"]
[Result "1-0"]
[WhiteElo "2029"]
[BlackElo "2275"]
[PlyCount "91"]

1. e4 c5 2. Nc3 Nc6 3. g3 g6 4. Bg2 Bg7 5. d3 d6 6. f4 e6 7. Nf3 Nge7 8. Be3
Nd4 9. O-O O-O 10. e5 Nef5 11. Bf2 Nxf3+ 12. Qxf3 Nd4 13. Qd1 dxe5 14. fxe5
Bxe5 15. Ne4 f5 16. Nxc5 Qd6 17. b4 Nc6 18. Rb1 Bd4 19. Qd2 a5 20. a3 axb4 21.
axb4 Ra2 22. Bxc6 Bxf2+ 23. Qxf2 Qxc6 24. b5 Qd6 25. Ra1 Rb2 26. Rfb1 Rxb1+ 27.
Rxb1 b6 28. Na4 Bb7 29. Nxb6 e5 30. Qe3 f4 31. Nc4 Qd7 32. Nxe5 Qh3 33. Qf2 Rf5
34. gxf4 Rxf4 35. Qg3 Qf5 36. Re1 Rb4 37. Nc4 Rxb5 38. Qb8+ Kg7 39. Re7+ Kh6
40. Rxb7 Qg4+ 41. Kf2 Rf5+ 42. Ke3 Rf3+ 43. Kd2 Qd4 44. Rxh7+ Kg5 45. h4+ Kg4
46. Ne5+ 1-0

[Event "I Cerrado Ciudad de Silla"]
[Site "Casal Jove de Silla"]
[Date "????.??.??"]
[Round "9"]
[White "Folch Zaragozá, Jose"]
[Black "Martinez Tormo, Jorge"]
[Result "0-1"]
[WhiteElo "1968"]
[BlackElo "2195"]
[PlyCount "40"]

1. e4 e5 2. Nc3 Nc6 3. f4 exf4 4. Nf3 g5 5. d4 Bg7 6. Bc4 d6 7. h4 h6 8. hxg5
hxg5 9. Rxh8 Bxh8 10. Kf2 Bg4 11. Qh1 Bg7 12. Qh7 Kf8 13. e5 dxe5 14. b3 Bxf3
15. Ba3+ Nce7 16. Kxf3 Qxd4 17. Nd5 Qxa1 18. Nxe7 Nxe7 19. Qf5 e4+ 20. Qxe4 Qe5
0-1

[Event "I Cerrado Ciudad de Silla"]
[Site "Casal Jove de Silla"]
[Date "????.??.??"]
[Round "3"]
[White "Cucarella Montell, Angels"]
[Black "Galvan Huaraca, Jesus"]
[Result "0-1"]
[WhiteElo "1953"]
[BlackElo "2275"]
[PlyCount "70"]

1. e4 c5 2. Nf3 Nc6 3. Nc3 Nf6 4. d4 d5 5. e5 cxd4 6. Ne2 Ng4 7. Bf4 g5 8. Bxg5
Bg7 9. Nexd4 Ngxe5 10. Nxc6 Nxc6 11. c3 Qd6 12. Bd3 e5 13. O-O O-O 14. Qd2 Bg4
15. Be4 Be6 16. Rad1 f6 17. Bh6 Rad8 18. Bxg7 Kxg7 19. Nh4 Qd7 20. Qc2 f5 21.
Bxd5 Bxd5 22. c4 Nd4 23. Rxd4 exd4 24. cxd5 Qxd5 25. Qc7+ Rd7 26. Qf4 Qe4 27.
Qg5+ Kh8 28. Qh6 Rg7 29. g3 f4 30. Rc1 fxg3 31. hxg3 Rgf7 32. Rc7 Qe1+ 33. Kh2
Rxf2+ 34. Ng2 Rxg2+ 35. Kxg2 Rf2+ 0-1

[Event "I Cerrado Ciudad de Silla"]
[Site "Casal Jove de Silla"]
[Date "????.??.??"]
[Round "9"]
[White "Calvo Alfonso, Vicente"]
[Black "Cucarella Montell, Angels"]
[Result "1-0"]
[WhiteElo "2164"]
[BlackElo "1953"]
[PlyCount "81"]

1. d4 f5 2. e4 fxe4 3. Nc3 Nf6 4. Bg5 Nc6 5. d5 Ne5 6. Qe2 c6 7. O-O-O Nf7 8.
h4 d6 9. Bxf6 exf6 10. Qxe4+ Qe7 11. Qa4 Bd7 12. Nh3 g6 13. Bd3 Bh6+ 14. Kb1
O-O 15. Rde1 Qd8 16. h5 c5 17. Qh4 g5 18. Qg3 Ne5 19. Nf4 c4 20. Bf1 b5 21. Ne6
Qa5 22. f4 Nf7 23. Ne4 Kh8 24. f5 Rfc8 25. Qc3 b4 26. Qxf6+ Kg8 27. c3 b3 28.
a3 Qxd5 29. Qxh6 Qxe4+ 30. Rxe4 Nxh6 31. Bxc4 Rxc4 32. Rxc4 Nxf5 33. Nxg5 Ng3
34. Re1 Nxh5 35. Rb4 Bf5+ 36. Ka1 Bc2 37. Nf3 a5 38. Rg4+ Kf8 39. Nd4 a4 40.
Nxc2 bxc2 41. Rc1 1-0